000 00524nam a22002297a 4500
003 UA-OsUOA
001 62647
007 ta
008 20090909b un ||||| |||| 00| 0 ukr d
100 _aПерельман Я. И.
090 _a53
_bП27
942 _cBK
040 _aUA-OsUOA
_brus
_cUA-OsUOA
_dUA-OsUOA
245 _aЗанимательная физика
300 _a285 с.
955 _a2
041 _arus
080 _a53
260 _aМ.
_c1949
650 7 _a53 Фізика
_2UDC
999 _c348737
_d348737